000 00884nam0a2200253 4500
001 RU\NLR\BIBL_A\011828578
005 20250626135518.0
010 _91000
035 _a(NLR Aleph) 011828578
090 _a13418802
_c13418802
100 _a20181019d1951 |||y0rusy50 ca
101 0 _achv
102 _aRU
105 _aa z 000 y
200 1 _aИнкубаторпа кӑларна чӗпсене колхозсенче пӑхса ҫитӗнтересси
_fН. Ш. Иофе
210 _aШупашкар
_cЧӑваш АССР Гос. Изд-ви
_d1951
215 _a35, [1] с.
_cил.
_d20
541 1 _aВыращивание инкубаторных цыплят и утят в колхозах
_zrus
686 1 _aП68
700 1 _aИофе
_bН. Ш.
_gНохем Шлеймович
_4070
852 _aNLR
_bОНЛ
_jЧув./2-1025
942 _cBOOK
980 _aNB